01278nam a2200241Ia 4500001000600000003000900006008004100015040001300056040001300069041001300082100002100095100002900116245002400145245002400169250001100193260002000204260001400224260004900238300004300287500064300330650003200973650003101005D4152IT-RoPAU130308s9999 xx 000 0 und d aIT-RoPAU cIT-RoPAU aFRANCESE aChardere Bernard gCodice Aut. SPICS: 18403 aAu pays des Lumiere bAu Pays des Lumiere a1a ed. aARLES (Francia) bActes Sud c1995 [1° Ed.:1995 - Ed.Ling.Originale:1995] a"104 p. (prefazione: no ; testo: 104)" aAl paese dei Lumiere. Prefazione di Bertrand Tavernier. Verso Il Movimento: camera Oscura, Lanterne Magiche, Fantasmagorico Robetson, fotografie di Niepce, Daguerre, Talbot, Dalla Persistenza Retinica Alla proiezione Collettiva, Muybridge e si Suoi Fotogrammi, fucile fotografico di Marey, Disegni Animati per Teatro Ottico, Ombre Allo Chat Noir, Il Grande Edison. tre Lumiere e tre Invenzioni: Intuizioni del padre Antonio, Augusto: Lavoro e Ricerca, tre invenzioni del Fratello Louis, Cinematografo: Saggi e Riprese, Proiezioni, Sfruttamento, Diffusione, Scrittura del Movimento. Piccolo pianeta Lumiere: Postfazione di Thierry Fremaux. aSTORIA NAZIONALE DEL CINEMA eCodice materia Spics: 6809